Plan de acción de la estrategia nacional para la conservación de plantas de Colombia / (Registro nro. 19750)
[ vista simple ]
| 000 -CABECERA | |
|---|---|
| Campo de control | 01323nam a22002777a 4500 |
| 005 - FECHA Y HORA DE LA ULTIMA TRANSACCION | |
| Campo de control | 20181115154928.0 |
| 008 - ELEMENTOS DE LONGITUD FIJA—INFORMACION GENERAL | |
| Campo de control | 170818b2017 ck aod|fr|||| 00| 0 spa d |
| 020 ## - ISBN | |
| ISBN | 9789585418073 |
| 020 ## - ISBN | |
| ISBN | 9789585418080 |
| 040 ## - FUENTE DE CATALOGACIÓN | |
| Agencia catalogadora original | CO-BoIAVH |
| Agencia transcriptora | CO-BoIAVH |
| 041 ## - IDIOMA | |
| Código de idioma para texto/pista de sonido o título separado | Español |
| 044 ## - PAÍS DE PUBLICACIÓN | |
| País de publicación | Colombia |
| 082 14 - NUMERO DE CLASIFICACION DECIMAL DEWEY | |
| Número de clasificación | 333.95316 |
| Número del ítem | C34p |
| 245 00 - MENCION DE TITULO | |
| Título | Plan de acción de la estrategia nacional para la conservación de plantas de Colombia / |
| Mención de responsabilidad | editado por Carolina Castellanos-Castro, Carolina Sofrony Esmeral y Diego Higuera Díaz, fotografías de Carolina Castellanos, Diego Higiera y Felipe Villegas |
| 260 ## - PUBLICACION, DISTRIBUCION, ETC. (PIE DE IMPRENTA) | |
| Lugar de publicación, distribución, etc. | Bogotá: |
| Nombre del editor, distribuidor, etc. | Instituto de Investigación de Recursos Biológicos Alexander von Humboldt; |
| -- | Ministerio de Ambiente y Desarrollo Sostenible; |
| -- | Red Nacional de Jardines Botánicos, |
| Fecha de publicación, distribución, etc. | 2017. |
| 300 ## - DESCRIPCION FISICA | |
| Extensión | 59 páginas |
| Otros detalles físicos | ilustraciones, tablas, gráficas |
| 650 #0 - ASIENTO SECUNDARIO DE MATERIA - TERMINO TEMATICO | |
| Término temático o nombre geográfico como elemento de entrada | Conservación de plantas |
| Subdivisión general | estrategias |
| Subdivisión geográfica | Colombia |
| 9 (RLIN) | 84277 |
| 650 #0 - ASIENTO SECUNDARIO DE MATERIA - TERMINO TEMATICO | |
| Término temático o nombre geográfico como elemento de entrada | Plantas |
| Subdivisión general | especies |
| Subdivisión geográfica | Colombia |
| 9 (RLIN) | 84278 |
| 650 #0 - ASIENTO SECUNDARIO DE MATERIA - TERMINO TEMATICO | |
| Término temático o nombre geográfico como elemento de entrada | Especies vegetales |
| Subdivisión general | conservación |
| Subdivisión geográfica | Colombia |
| 9 (RLIN) | 84279 |
| 700 1# - ASIENTO SECUNDARIO - NOMBRE PERSONAL | |
| Nombre personal | Castellanos-Castro, Carolina |
| Término de relación | editora |
| 9 (RLIN) | 83361 |
| 700 1# - ASIENTO SECUNDARIO - NOMBRE PERSONAL | |
| Nombre personal | Sofrony, Carolina |
| Término de relación | editora |
| 9 (RLIN) | 301 |
| 700 1# - ASIENTO SECUNDARIO - NOMBRE PERSONAL | |
| Nombre personal | Higuera-Díaz, Diego |
| Término de relación | editor |
| 9 (RLIN) | 83363 |
| 700 1# - ASIENTO SECUNDARIO - NOMBRE PERSONAL | |
| 9 (RLIN) | 83365 |
| Nombre personal | Villegas-Vélez, Felipe |
| Término de relación | fotógrafo |
| 856 ## - LOCALIZACION Y ACCESO ELECTRONICOS | |
| Identificador Uniforme del Recurso | http://hdl.handle.net/20.500.11761/32936 |
| 942 ## - ELEMENTOS ADICIONALES (KOHA) | |
| Sistema de clasificación | Dewey Decimal Classification |
| Tipo de ítem | Libro |
| Withdrawn status | Lost status | Sistema de Clasificación | Damaged status | No para préstamo | Colección | Inventariado | Ubicación Permanente | Ubicación actual | Fecha de adquisición | Fuente de Valor | Valor | Total Checkouts | Número topográfico | Inventario / Código de Barras | Date last seen | Date checked out | Ejemplar | Price effective from | Forma de adquisición | Tipo de material |
|---|---|---|---|---|---|---|---|---|---|---|---|---|---|---|---|---|---|---|---|---|
| Dewey Decimal Classification | Humboldt | Inventariado 2017 | Bogotá | Bogotá | 18/08/2017 | Instituto | 39000.00 | 2 | IAVH-333.95316 C34p | 042660 | 25/02/2019 | 25/02/2019 | Ej. 1 | 18/08/2017 | Institucional | Libro | ||||
| Dewey Decimal Classification | Humboldt | Inventariado 2017 | Bogotá | Bogotá | 31/08/2017 | Instituto | 39000.00 | IAVH-333.95316 C34p | 042818 | 31/08/2017 | Ej. 4 | 31/08/2017 | Institucional | Libro | ||||||
| Dewey Decimal Classification | Humboldt | Inventariado 2017 | Sala Fabio Quevedo | Sala Fabio Quevedo | 18/08/2017 | Instituto | 39000.00 | IAVH-333.95316 C34p | 042661 | 18/08/2017 | Ej. 2 | 18/08/2017 | Institucional | Libro | ||||||
| Dewey Decimal Classification | Humboldt | Villa de Leyva | Villa de Leyva | 18/08/2017 | Institucional | IAVH-333.95316 C34p | 042662 | 18/08/2017 | Ej. 3 | 18/08/2017 | Institucional | Libro |